Mixed Word: 5 Letter A-Z VI Quiz Stats

 Plays Quiz Updated Feb 15, 2012

Challenge
Share
Tweet
Embed
Score 0/26 Timer 03:00
3 Plays Today
Mixed Word Answer % Correct
DOLOBBLOOD
94.6%
GETIHEIGHT
92.4%
AKAOLKOALA
92.2%
VELAGGAVEL
88.8%
APDANPANDA
88.7%
LIQAUQUAIL
87.9%
THEAWWHEAT
86.8%
PANELNEPAL
85.9%
ABREZZEBRA
84.8%
KUAIHHAIKU
84.6%
EDDAJJADED
83.6%
OYOHAYAHOO
83.6%
TEDAHDEATH
83.6%
Mixed Word Answer % Correct
SASIOOASIS
81.9%
WAMCAMACAW
77.9%
VULATVAULT
77.8%
TANISSATIN
75.1%
BOTOATABOO
74.5%
DAIILILIAD
74.2%
BAFELFABLE
73.2%
NOXENXENON
73%
CELNALANCE
72.9%
RACOTACTOR
69.8%
COACACACAO
68%
MERANRAMEN
65.6%
DUDREUDDER
65.3%

You're not logged in!

Compare scores with friends on all Sporcle quizzes.
Join for Free
OR
Log In

You Might Also Like...

Show Comments

Extras

Top Quizzes Today


Score Distribution

Your Account Isn't Verified!

In order to create a playlist on Sporcle, you need to verify the email address you used during registration. Go to your Sporcle Settings to finish the process.

Report this User

Report this user for behavior that violates our Community Guidelines.

Details: